000 01188 a2200253 4500
003 Nust
005 20220803171559.0
010 _a 00062184
020 _a079237956X (hc. : alk. paper)
040 _cNust
082 0 0 _a621.381,ANA
245 0 0 _aAnalog circuit design :
_bhigh-speed analog-to-digital converters, mixed-signal design, PLL's and synthesizers /
_cedited by Rudy J. van de Plassche, Johan H. Huijsing, and Willy Sansen.
260 _aBoston, Mass. :
_bKluwer Academic Publishers,
_cc2000.
300 _avii, 400 p. :
_bill. ;
_c25 cm.
505 _aPart. 1:- High speed Analog to digital converters (Page-1), Part 2:- Mixed signal design (Page-139), Part 3:- PLL,s and Synthesizers (Page-267).
650 0 _aPhase-locked loops
_xDesign and construction.
_996482
650 0 _aTelecommunication Engineering.
700 1 _aHuijsing, Johan H.,
_d1938-
_996483
700 1 _aPlassche, Rudy J. van de.
_996484
700 1 _aSansen, Willy M. C.
_996485
856 4 2 _3Publisher description
_uhttp://www.loc.gov/catdir/enhancements/fy0813/00062184-d.html
856 4 2 _3Table of contents only
_uhttp://www.loc.gov/catdir/enhancements/fy0813/00062184-t.html
942 _cREF
_2ddc
999 _c178602
_d178602